000 00993nam a2200265Ia 4500
003 OSt
005 20221007123421.0
006 a|||||r|||| 00| 0
007 ta
008 221006b |||||||| |||| 00| 0 eng d
020 _a8120312686 (pbk)
_cRs.225.00
024 _a11164
037 _bMonika,
_cTextual
040 _aPAPL
_cPAPL
_beng
041 _2eng
_aeng
082 _aC9B36, N9
100 _aKhanna M P
245 0 _aIntroduction to particle physics by M P Khanna
260 _aNew
_bDelhi Prentice-Hall of India Pvt. Ltd.
_c1999
300 _ax, 297p
_ccm.
500 _a (Reprinted in 2002); ; Appendix A-F, 269-291p; Bibliography 293-294p; Index 295-297p; ^n23/CSL/CARPA/2003-2004/974^d2003-11-06^mPurchase; ; 2003-04/510^b2003-11-24^c507^d2003-11-17^eRs.1,922.60^fMonika Book Distributors; ; 2004-01-14^bSB^c2004-01-14^dVinay
650 _aPhysics,Particle
_9717205
942 _hC9B36, N9
_cTEXL
_2CC
999 _c1211841
_d1211841